[Event "London Classic op U1825 8th"]
[Site "London"]
[Date "2016.12.11"]
[Round "4"]
[White "Yung, Ching Hang Bob"]
[Black "De Block, Gert"]
[Result "0-1"]
[WhiteElo "1682"]
[BlackElo "1705"]
[PlyCount "64"]
[EventDate "2016.12.09"]
[EventType "swiss"]
[EventRounds "5"]
[EventCountry "ENG"]
[SourceTitle "EXT 2019"]
[Source "ChessBase"]
[SourceDate "2018.10.10"]
[SourceVersion "1"]
[SourceVersionDate "2018.10.10"]
[SourceQuality "1"]

1. d4 Nf6 2. c4 c5 3. d5 b5 4. e3 g6 5. Qc2 d6 6. Nf3 Bg7 7. Bd3 bxc4 8. Qxc4 0-0 9. Qb3 Nbd7 10. Nc3 Rb8 11. Qc2 Ng4 12. Be2 Nge5 13. 0-0 Nxf3+ 14. Bxf3 Ba6 15. Rd1 c4 16. Be2 Nc5 17. Rb1 Nd3 18. Bxd3 cxd3 19. Qa4 Qb6 20. Bd2 Rfc8 21. h3 Rc4 22. Qa3 Rc7 23. Na4 Qb7 24. Nc3 Bc4 25. b3 Bxc3 26. Bxc3 Bxd5 27. Rxd3 Bxg2 28. Qb2 Bxh3 29. f4 Bf5 30. Rbd1 Bxd3 31. Rxd3 Rbc8 32. f5 Qe4 0-1